000 00321 a2200157 4500
001 168610
020 _a
040 _cMagnum
100 _aZagury, Tania
240 1 0 _aLimites sem trauma
_lpor
245 1 0 _aLimites sem trauma
362 0 _a1899
440 1 _aRecord
697 _aEDUCAÇÃO E ENSINO
942 _cBK
999 _c168610
_d168610